header

Art is not what you think it is (Record no. 52793)

MARC details
000 -LEADER
fixed length control field 02496nam a2200373 a 4500
082 04 - DEWEY DECIMAL CLASSIFICATION NUMBER
Classification number 701
100 1# - MAIN ENTRY--AUTHOR NAME
Personal name Preziosi, Donald,
245 10 - TITLE STATEMENT
Title Art is not what you think it is
260 ## - PUBLICATION, DISTRIBUTION, ETC. (IMPRINT)
Place of publication Chichester, U.K. ;
-- Malden, Mass. :
Name of publisher Wiley-Blackwell,
Year of publication 2012.
300 ## - PHYSICAL DESCRIPTION
Number of Pages xvii, 171 p. :
Other physical details ill.
520 ## - SUMMARY, ETC.
Summary, etc "Few phenomena in our lives are as inescapable as what we commonly refer to as art--yet few concepts are more elusive than the idea of art itself. So what does 'art' look like today? And what is its fate? Art Is Not What You Think It Is offers a series of critical incursions into the current state of debate on the idea of art--making manifest what has been largely missing or unsaid in those discussions. Revealing how conventional thinking about art is largely based on misconceptions about its history, Preziosi and Farago call for a radical rethink of the subject and its relationship to a wide swath of today's world--from religion and philosophy to culture and politics. The authors probe a variety of issues, including the dangers of art and trap of the visual; the frame that blinds us; deconstruction of the agencies of art; the intersections of the local and global; the breach of art and religion, and commodifying artistry. Provocative and groundbreaking, Art is Not What You Think It Is will reshape conventional assumptions about the nature, meaning, and ultimate fate of art in today's world."--
650 #0 - SUBJECT ADDED ENTRY--TOPICAL TERM
Topical Term Art.
700 1# - ADDED ENTRY--PERSONAL NAME
Personal name Farago, Claire J.
856 40 - ELECTRONIC LOCATION AND ACCESS
Uniform Resource Identifier http://site.ebrary.com/lib/rucke/Doc?id=10630545
520 ## - SUMMARY, ETC.
-- Provided by publisher.

No items available.

© 2026 Rongo University
Contact us: librarian | system librarian | Rongo university